Online
Catalog

Ecosistemas de la República Dominicana. (Record no. 31607)

MARC details
000 -CABECERA
campo de control de longitud fija 00509nam a2200133 a 4500
001 - NÚMERO DE CONTROL
campo de control 000032116
005 - FECHA Y HORA DE LA ÚLTIMA TRANSACCIÓN
campo de control 20200930063438.0
008 - DATOS DE LONGITUD FIJA--INFORMACIÓN GENERAL
campo de control de longitud fija 110712s1983 dr 000 0 spa d
040 ## - FUENTE DE LA CATALOGACIÓN
Centro catalogador/agencia de origen DO-SdBNP
Lengua de catalogación spa
Centro/agencia transcriptor BNPHU
111 1# - ENTRADA PRINCIPAL--NOMBRE DE CONGRESO/REUNIÓN
Nombre de congreso/reunión o jurisdicción como elemento de entrada Jornada científica Dr. José de Jesús Jiménez Almonte
Número del congreso/reunión o número de parte o sección (4-6 de agosto
Sede del congreso/Lugar de la reunión Santiago de los Caballeros, República Dominicana )
9 (RLIN) 58233
245 10 - MENCIÓN DE TÍTULO
Título Ecosistemas de la República Dominicana.
260 ## - PUBLICACIÓN, DISTRIBUCIÓN, ETC.
Lugar de publicación, distribución, etc. Santo Domingo :
Nombre del editor, distribuidor, etc. Editorial CENAPEC,
Fecha de publicación, distribución, etc. [1983].
300 ## - DESCRIPCIÓN FÍSICA
Extensión 197 p. :
Otras características físicas il., map. ;
Dimensiones 21 cm.
Holdings
Estado de retiro Estado de pérdida No para préstamo Código de colección Localización permanente Ubicación/localización actual Ubicación en estantería Fecha de adquisición Número de inventario Total de préstamos Signatura topográfica completa Código de barras Fecha visto por última vez Precio válido a partir de Tipo de ítem Koha
    Excluido de préstamo Patrimonio Dominicano Patrimonio Dominicano Patrimonio Dominicano En catalogación 12.07.2011 LF1   32116-10 25.06.2020 25.06.2020 Libro y Folleto Colección Patrimonio Dominicano

Powered by Koha